000 00534cam a22002051 4500
001 af 47005583
003 DLC
005 20260227110832.0
008 890426s1942 be 000 0 dut c
010 _aaf 47005583
035 _a(OCoLC)19610145
040 _aNew York. Public library
_cCU
_dDLC
042 _apremarc
050 0 0 _aPT6408.5.C2
_bG4
100 1 _aCaeymaex, Joris.
245 1 4 _aHet geleide der wegen.
260 _aAntwerpen,
_bVlaamsche boek centrale
_c[1942]
300 _a30 p., 1 l.
_c23 cm.
500 _aPoems.
999 _c3188
_d3188